| 000 | 00887nam a22002537a 4500 | ||
|---|---|---|---|
| 999 |
_c64574 _d64574 |
||
| 005 | 20240530110738.0 | ||
| 008 | 180904s2008 ua a g b 000 0 ara d | ||
| 017 |
_bمصر. دار الكتب _a2008/13632 |
||
| 020 | _a9789770924642 | ||
| 040 |
_aEG-CaGPL _cEG-CaGPL |
||
| 082 | 0 | 4 |
_221 _a219.3 \ _bم م |
| 100 | 0 | _aمعتز بالله عبدالفتاح | |
| 245 | 1 | 2 |
_aالمسلمون والديمقراطية : _bدراسة ميدانية / _cمعتز بالله عبدالفتاح |
| 250 | _aط.1 | ||
| 260 |
_aالقاهرة : _bدار الشروق ، _c2008 . |
||
| 300 |
_a303 ص. ؛ _c24 سم. |
||
| 650 | 0 | 7 |
_aالاسلام _2qrmak |
| 650 | 0 | 7 | _aالاسلام والسياسة |
| 650 | 0 | 7 | _aالديمقراطية |
| 650 | 0 | 7 |
_aالثقافة الاسلامية _2qrmak |
| 651 | _2qrmak | ||
| 942 |
_2ddc _cBK |
||